Materialojemkost' faktory, rezervy, stimuly
Salvato in:
| Autore principale: | |
|---|---|
| Altri autori: | |
| Natura: | Libro |
| Lingua: | russo |
| Pubblicazione: |
Minsk
Nauka i technika
1984
|
| Tags: |
Nessun Tag, puoi essere il primo ad aggiungerne!!
|
MARC
| LEADER | 00000nam a2200000 4500 | ||
|---|---|---|---|
| 001 | c109686 | ||
| 005 | 20041019155144.6 | ||
| 041 | 0 | |a rus | |
| 044 | |a BY | ||
| 245 | 1 | 0 | |a Materialojemkost' |b faktory, rezervy, stimuly |c Irina Aleksejevna Michajlova-Stanjuta, Sergej Vladimirovič Sorokin |
| 264 | 1 | |a Minsk |b Nauka i technika |c 1984 | |
| 300 | |a 133 s. | ||
| 100 | 1 | |a Michajlova-Stanjuta, Irina Aleksejevna | |
| 700 | 1 | |a Sorokin, Sergej Vladimirovič | |